Full and Fuller House Actors by their Character Name - Statistics

General Stats
  • This quiz has been taken 5 times
  • The average score is 3 of 24
Answer Stats
Hint Answer % Correct
DJ Candace Cameron Bure
67%
Stephanie Jodie Sweetin
67%
Macy Gray Macy Gray
67%
Danny Bob Saget
33%
Jesse John Stamos
33%
Jimmy Adam Hagenbuch
0%
Kimmy Andrea Barber
0%
Lola Ashley Liao
0%
Michelle Ashley Olsen, Mary-Kate Olsen
0%
Nicky Blake Tuomy-Wilhoit
0%
Joey Dave Coulier
0%
Alex Dylan Tuomy-Wilhoit
0%
Max Elias Harger
0%
Terry Eva LaRue
0%
Tommy Fox Messitt and Dashiell Messitt
0%
Bobby Isaak Presley
0%
Fernando Juan Pablo Di Pace
0%
Rocki Landry Bender
0%
Rebecca Lori Loughlin
0%
Gia Marla Sokoloff
0%
Rose Mckenna Grace
0%
Jackson Michael Campion
0%
Steve Scott Weinger
0%
Ramona Soni Bringas
0%
No matching quizzes found
Score Distribution
Percent of People with Each Score
Percentile by Number Answered
Your Score History
You have not taken this quiz